Modibo Keita International Airport Destinations (Bamako, Mali) - Statistics

General Stats
  • This quiz has been taken 55 times
    16 since last reset
  • The average score is 15 of 20
Answer Stats
Airline Destination % Correct
Air Côte d'Ivoire/Mauritania Airlines Abidjan
100%
Ethiopian Airlines Addis Ababa
100%
Air Algérie Algiers
100%
Royal Air Maroc Casablanca
100%
Kenya Airways Nairobi (Jomo Kenyatta)
100%
Tunisair Tunis
100%
Air Burkina/Air Côte d'Ivoire/Air Senegal/ASKY Airlines/Ethiopian Airlines/Kenya Airways/Mauritania Airlines Dakar (Diass)
92%
Turkish Airlines Istanbul
92%
Air France Paris (Charles de Gaulle)
92%
Corsair International Paris (Orly)
92%
Air Burkina/ASKY Airlines Ouagadougou
85%
Air Côte d'Ivoire/ASKY Airlines Conakry
77%
Mauritania Airlines Nouakchott
77%
ASKY Airlines Lomé
62%
Air Senegal/ASKY Airlines/Sky Mali Niamey
62%
Mauritania Airlines Cotonou
46%
Sky Mali Timbuktu
38%
Sky Mali Gao
31%
Air Côte d'Ivoire Bouaké
15%
Sky Mali Kayes
15%
No matching quizzes found
Score Distribution
Percent of People with Each Score
Percentile by Number Answered
Your Score History
You have not taken this quiz since the last reset